Mémoire sur l'influence que les travaux des médecins physiologistes ont exercée sur l'état de la médecine en France (Record no. 152773)

MARC details
000 -LEADER
campo de control de longitud fija 00822nam a22001815i 4500
001 - NÚMERO DE CONTROL
campo de control 152773
003 - IDENTIFICADOR DE NÚMERO DE CONTROL
campo de control ES-MaACL
005 - FECHA Y HORA DE LA ÚLTIMA TRANSACCIÓN
campo de control 20250822063211.0
008 - DATOS DE LONGITUD FIJA--INFORMACIÓN GENERAL
campo de control de longitud fija 000117s1832 fr |||| | fre d
040 ## - FUENTE DE CATALOGACIÓN
Centro catalogador/agencia de origen M-RACE
Lengua de catalogación spa
Centro/agencia transcriptor M-RACE
Centro/agencia modificador CCPB | B
100 1# - ENTRADA PRINCIPAL--NOMBRE DE PERSONA
Nombre de persona Broussais, François-Joseph-Victor,
Fechas asociadas al nombre 1772-1838
9 (RLIN) 126195
245 10 - MENCIÓN DEL TÍTULO
Título Mémoire sur l'influence que les travaux des médecins physiologistes ont exercée sur l'état de la médecine en France
Resto del título : lu, le 30 Juillet 1832, a l'Academie des Sciences de Paris /
Mención de responsabilidad, etc. par Broussais.
260 ## - PUBLICACIÓN, DISTRIBUCIÓN, ETC.
Lugar de publicación, distribución, etc. Paris :
Nombre del editor, distribuidor, etc. chez Melle Delaunay, Libraire,
Fecha de publicación, distribución, etc. 1832.
300 ## - DESCRIPCIÓN FÍSICA
Extensión 23 p. ;
Dimensiones 21 cm.
650 #4 - PUNTO DE ACCESO ADICIONAL DE MATERIA--TÉRMINO DE MATERIA
Término de materia o nombre geográfico como elemento de entrada Fisiología-
Subdivisión general Investigación-
Subdivisión geográfica Francia.
9 (RLIN) 136123
852 ## - LOCALIZACIÓN
Ubicación ES-MaACL
Número de control de estantería R-1360(6)
Nota libre -- Enc. hol.
-- -- Ex-libris de Mateo Seoane
Encuadernación -- Olim: G-15438
Holdings
Estatus retirado Estado de pérdida Estado de daño No para préstamo Colección Biblioteca de origen Biblioteca actual Ubicación en estantería Fecha de adquisición Total de préstamos Signatura topográfica completa Código de barras Visto por última vez Precio de reemplazo Tipo de ítem Koha
        Libros del s. XIX Biblioteca del Ateneo de Madrid Biblioteca del Ateneo de Madrid Depósito 17/01/2008   R-1360-71(6) 1159551 23/02/2023 23/02/2023 Libro impreso antiguo